000
00280nam a2200097Ia 4500
082
_a
J 610.9 LIND
245
0
_a
The story of medicine : from papyri to pacemakers
100
_a
Lindsay, Judy London, 2003
_9
85187
942
_c
BK
008
210817s9999 xx 000 0 und d
999
_c
317050
_d
317049